| 000 | 00531nam a2200169 a 4500 | ||
|---|---|---|---|
| 001 | 000036097 | ||
| 005 | 20200930074855.0 | ||
| 008 | 111209s1978 dr 000 0 spa d | ||
| 040 |
_aDO-SdBNP _bspa _cBNPHU |
||
| 100 | 1 |
_aBudman, Isaac _962135 |
|
| 245 | 1 | 0 |
_aMonedas de la República Dominicana / _cIsaac Budman, Miguel Estrella. |
| 260 |
_aSanto Domingo : _bSociedad Numismática Dominicana, _c1978. |
||
| 300 |
_a61 p. : _bil. ; _c20 cm. |
||
| 504 | _aBibliografía : p. 61 | ||
| 700 | 1 | 2 |
_aEstrella, Miguel _955840 |
| 049 | _aBNPD | ||
| 999 |
_c35588 _d35588 |
||